[Event "66th ch-RUS HL w 2016"]
[Site "Kolomna RUS"]
[Date "2016.06.29"]
[Round "7.14"]
[White "Baraeva, Marina"]
[Black "Drogovoz, Irina"]
[Result "1/2-1/2"]
[WhiteTitle "WIM"]
[BlackTitle "WIM"]
[WhiteElo "2216"]
[BlackElo "2143"]
[WhiteFideId "24142573"]
[BlackFideId "4176715"]
[EventDate "2016.06.22"]

1. d4 Nf6 2. c4 e6 3. Nf3 Bb4+ 4. Bd2 Qe7 5. Nc3 b6 6. g3 Bb7 7. Bg2 Bxc3 8.
Bxc3 Ne4 9. Rc1 O-O 10. O-O Nxc3 11. Rxc3 d6 12. Qc2 f5 13. Nd2 Bxg2 14. Kxg2 e5
15. dxe5 Qxe5 16. Re3 Qf6 17. Nb1 Nd7 18. Nc3 c6 19. f4 a5 20. Rd1 Nc5 21. Na4
Rfe8 22. Rxe8+ Rxe8 23. Nxc5 dxc5 24. Rd2 Re4 25. Qb3 Qe7 26. Kf2 Qc7 27. e3 h6
28. Qd1 Qe7 29. Rd8+ Kh7 30. Qd3 b5 31. cxb5 cxb5 32. Qd5 Rxe3 33. Qxf5+ g6 34.
Qd7 Re2+ 35. Kf3 Re3+ 36. Kg4 h5+ 37. Kh3 Qxd7+ 38. Rxd7+ Kh6 39. Rb7 b4 40. Rb5
Re2 41. Rxc5 a4 42. Ra5 Rxb2 43. Rxa4 b3 44. axb3 Rxb3 45. Ra6 Rb5 46. Kh4 Rb2
47. h3 Rb4 48. Rf6 Ra4 49. g4 Rxf4 50. Rxf4 g5+ 51. Kg3 gxf4+ 52. Kxf4 hxg4 53.
hxg4 Kg6 54. g5 Kg7 55. Kf5 Kf7 56. g6+ Kg8 57. Kg5 Kg7 58. Kh5 Kg8 59. Kh6 Kh8
60. g7+ 1/2-1/2

[Event "66th ch-RUS HL w 2016"]
[Site "Kolomna RUS"]
[Date "2016.06.29"]
[Round "7.15"]
[White "Gvanceladze, Anna"]
[Black "Diakonova, Ekaterina"]
[Result "1-0"]
[WhiteTitle "WFM"]
[WhiteElo "2179"]
[BlackElo "2212"]
[WhiteFideId "4113721"]
[BlackFideId "24172936"]
[EventDate "2016.06.22"]

1. d4 Nf6 2. Nf3 g6 3. Bf4 Bg7 4. e3 d6 5. h3 O-O 6. Be2 c5 7. c3 b6 8. O-O Bb7
9. a4 Nbd7 10. Nbd2 cxd4 11. exd4 Nd5 12. Bh2 Bh6 13. Re1 Nf4 14. Bf1 e6 15. a5
Qc7 16. Ne4 Rad8 17. Neg5 Bxf3 18. Qxf3 Bxg5 19. Bxf4 Bxf4 20. Qxf4 bxa5 21. Ra2
Nb6 22. h4 a4 23. h5 e5 24. Qf6 Nd5 25. Qh4 Nf4 26. h6 Rb8 27. dxe5 dxe5 28.
Rxa4 f5 29. g3 Nh5 30. Qc4+ Qxc4 31. Bxc4+ Kh8 32. b3 e4 33. Rxa7 Nf6 34. Rd1 g5
35. Rf7 f4 36. Rd6 Ng4 37. gxf4 gxf4 38. Rg7 Nxh6 39. Rdd7 Rg8 40. Bxg8 Rxg8 41.
Rxg8+ Kxg8 42. b4 e3 43. fxe3 fxe3 44. b5 1-0

[Event "66th ch-RUS HL w 2016"]
[Site "Kolomna RUS"]
[Date "2016.06.29"]
[Round "7.16"]
[White "Nasybullina, Alfia"]
[Black "Chernyak, Viktoria"]
[Result "1/2-1/2"]
[WhiteTitle "WFM"]
[BlackTitle "WFM"]
[WhiteElo "2143"]
[BlackElo "2196"]
[WhiteFideId "4132416"]
[BlackFideId "24165956"]
[EventDate "2016.06.22"]

1. d4 Nf6 2. Nf3 d5 3. c4 e6 4. g3 Nbd7 5. Bg2 c6 6. O-O dxc4 7. a4 Bb4 8. Qc2
O-O 9. Qxc4 a5 10. Qc2 Qe7 11. Nc3 e5 12. Bg5 h6 13. Bxf6 Qxf6 14. Rad1 exd4 15.
Ne4 Qe7 16. Nxd4 Nf6 17. Nxf6+ Qxf6 18. e4 Re8 19. h3 Bd7 20. f4 Qg6 21. Kh2
Rad8 22. Qc4 b5 23. axb5 cxb5 24. Qe2 Qb6 25. Nf3 Be6 26. Rxd8 Rxd8 27. Qc2 Rc8
28. Qb1 Qe3 29. Ne5 Qe2 30. Rc1 Rd8 31. Rc2 Rd2 32. Rxd2 Qxd2 33. Qf1 Qxb2 34.
Qxb5 Qb3 35. f5 Bd6 36. Qxa5 Bxe5 37. Qxe5 Bc4 38. Qf4 Qb2 39. h4 f6 40. Kh3 Bf7
41. g4 Qc3+ 42. Kh2 Qb2 43. g5 hxg5 44. hxg5 fxg5 45. Qxg5 Qf6 46. Qf4 g6 47.
Bh3 Qb2+ 48. Kg3 Qc3+ 49. Kg4 gxf5+ 50. exf5 Qc4 1/2-1/2

[Event "66th ch-RUS HL w 2016"]
[Site "Kolomna RUS"]
[Date "2016.06.29"]
[Round "7.17"]
[White "Rodionova, Polina"]
[Black "Khokhlova, Daria"]
[Result "0-1"]
[WhiteTitle "WFM"]
[WhiteElo "1981"]
[BlackElo "2214"]
[WhiteFideId "24102555"]
[BlackFideId "24182729"]
[EventDate "2016.06.22"]

1. e4 e6 2. d4 d5 3. Nd2 Nc6 4. Ngf3 Nf6 5. e5 Ng4 6. c3 Nh6 7. Bd3 f6 8. exf6
Qxf6 9. O-O Bd6 10. Qc2 g6 11. Re1 Nf7 12. Nf1 O-O 13. Ne3 Bd7 14. Qb3 Ng5 15.
Be2 Nxf3+ 16. Bxf3 Qh4 17. Ng4 h5 18. Ne5 Nxe5 19. dxe5 Bc5 20. Be3 Bxe3 21.
Rxe3 Rab8 22. Qc2 Kg7 23. Rd1 c5 24. g3 Qe7 25. h4 Bc6 26. Bg2 b5 27. b4 Rbc8
28. a3 Be8 29. Qd2 g5 30. hxg5 Qxg5 31. Bh3 Qg6 32. Qe2 Rc7 33. Rdd3 Rcf7 34.
bxc5 b4 35. Rd2 bxa3 36. Qa6 Qb1+ 37. Bf1 Qc1 38. Ra2 Rxf2 39. Rxf2 Qxe3 40. Qe2
Qxf2+ 0-1

[Event "66th ch-RUS HL w 2016"]
[Site "Kolomna RUS"]
[Date "2016.06.29"]
[Round "7.18"]
[White "Potapova, Margarita"]
[Black "Makarenko, Alexandra"]
[Result "0-1"]
[WhiteTitle "WFM"]
[BlackTitle "WFM"]
[WhiteElo "2061"]
[BlackElo "2269"]
[WhiteFideId "14126869"]
[BlackFideId "4165055"]
[EventDate "2016.06.22"]

1. d4 Nf6 2. c4 g6 3. Nc3 Bg7 4. e4 d6 5. Be2 O-O 6. f4 c5 7. Nf3 cxd4 8. Nxd4
Nc6 9. Be3 Qb6 10. Nc2 Qa5 11. O-O Nd7 12. Nd4 Nxd4 13. Bxd4 Bxd4+ 14. Qxd4 Qb6
15. Qxb6 Nxb6 16. Rac1 Bd7 17. b3 Rfc8 18. Bf3 Rc7 19. Rfe1 Rac8 20. Rcd1 Kf8
21. Rd2 a6 22. Red1 h5 23. Kf2 Bc6 24. a4 Ke8 25. g4 hxg4 26. Bxg4 Bd7 27. h3
Bxg4 28. hxg4 Nd7 29. Ke3 Nc5 30. Rb2 Rc6 31. Rh1 e6 32. e5 Ke7 33. b4 Nd7 34.
exd6+ Rxd6 35. c5 Rdc6 36. Ne4 Nf6 37. Nd6 Nd5+ 38. Kf3 Rxd6 39. cxd6+ Kxd6 40.
a5 Rc3+ 41. Kf2 Nxf4 42. Rbb1 Nd3+ 43. Ke2 Ne5 44. b5 Rc2+ 45. Ke3 Nxg4+ 46. Kf4
Rc4+ 47. Kg3 Ne5 48. Rhe1 Rc3+ 49. Kg2 Nc4 50. bxa6 bxa6 51. Rb7 f6 52. Rf7 Ne3+
53. Kf2 Ng4+ 54. Kg2 Ra3 55. Rd1+ Ke5 56. Re1+ Kf5 57. Re7 e5 58. Rf1+ Kg5 59.
Rf3 Rxa5 60. Rb7 Ra2+ 61. Kg1 e4 62. Rc3 Kf4 63. Rb4 f5 64. Rb6 g5 65. Rb8 Ne3
66. Rbb3 Ra1+ 67. Kh2 Re1 68. Ra3 g4 0-1

[Event "66th ch-RUS HL w 2016"]
[Site "Kolomna RUS"]
[Date "2016.06.29"]
[Round "7.19"]
[White "Faizutdinova, Diana"]
[Black "Lingur, Zalina"]
[Result "1-0"]
[BlackTitle "WFM"]
[WhiteElo "2006"]
[BlackElo "2182"]
[WhiteFideId "24143731"]
[BlackFideId "34165670"]
[EventDate "2016.06.22"]

1. c4 f5 2. Nc3 e5 3. e3 Nf6 4. d4 e4 5. Nge2 Nc6 6. Nf4 Bb4 7. Bd2 a5 8. a3 Be7
9. Ncd5 Nxd5 10. cxd5 Nb8 11. Qh5+ Kf8 12. d6 cxd6 13. Ng6+ hxg6 14. Qxh8+ Kf7
15. Bc4+ Kf6 16. Qh4+ g5 17. Qh5 d5 18. Bxd5 g6 19. Qh7 Qf8 20. h4 gxh4 21.
Qxh4+ Kg7 22. Qh7+ Kf6 23. g4 fxg4 24. Rh6 Qg7 25. Bxe4 Qxh7 26. Rxh7 Nc6 27.
Rc1 d6 28. d5 Ne5 29. Rh8 Bf5 30. Rxa8 Bxe4 31. Bc3 Bxd5 32. Bxe5+ dxe5 33. Rxa5
Bf3 34. Rb5 Kf5 35. Rc7 Bh4 36. Rcxb7 g3 37. Rf7+ Kg4 38. fxg3 Bxg3+ 39. Kd2 g5
40. Rb4+ e4 41. a4 Kh3 42. Rb5 g4 43. a5 Bh4 44. Rh5 g3 45. Rxh4+ Kxh4 46. Rh7+
Bh5 47. Ke1 Kg4 48. Rxh5 Kxh5 49. a6 Kg4 50. a7 Kf3 51. a8=Q g2 52. Qf8+ Kg3 53.
Qf2+ Kh2 54. b4 Kh1 55. b5 Kh2 56. b6 Kh3 57. b7 1-0

[Event "66th ch-RUS HL w 2016"]
[Site "Kolomna RUS"]
[Date "2016.06.29"]
[Round "7.20"]
[White "Korchagina, Alena"]
[Black "Mukhina, Jana"]
[Result "1-0"]
[WhiteTitle "WFM"]
[WhiteElo "2091"]
[BlackElo "2017"]
[WhiteFideId "24173452"]
[BlackFideId "34115428"]
[EventDate "2016.06.22"]

1. Nf3 Nf6 2. c4 e6 3. Nc3 Bb4 4. Qc2 d5 5. a3 Bxc3 6. Qxc3 O-O 7. e3 b6 8. b4
Bb7 9. Bb2 Nbd7 10. cxd5 Bxd5 11. Bb5 c5 12. O-O Rc8 13. Bxd7 Qxd7 14. Ne5 Qe7
15. Ng4 Ne8 16. f3 f6 17. e4 Bb7 18. Qb3 c4 19. Qa4 a6 20. Qc2 b5 21. Bd4 Qd7
22. Bc5 Rf7 23. a4 Bc6 24. Ne3 Nd6 25. a5 Nb7 26. Bb6 f5 27. exf5 exf5 28. Qc3
Rf6 29. Nc2 Re8 30. Nd4 Rf7 31. Rad1 Bd5 32. Qc2 g6 33. Qc3 Rfe7 34. Nc2 Qc8 35.
Ne3 Be6 36. Qf6 Rf7 37. Qe5 Bd7 38. Qd4 Be6 39. Rfe1 f4 40. Nd5 Bxd5 41. Qxd5
Qd7 42. Rxe8+ Qxe8 43. Kf2 Qd7 44. Qe4 Nd6 45. Qa8+ Rf8 46. Qd5+ Rf7 47. d3 c3
48. Rc1 Nf5 49. Qxd7 Rxd7 50. Rxc3 Ne7 51. Ke2 Nd5 52. Rc8+ Kf7 53. Bc5 Nc7 54.
Rf8+ Ke6 55. Rxf4 g5 56. Re4+ Kf5 57. d4 Nd5 58. Re5+ Kf6 59. g3 Nc3+ 60. Kd3
Nd5 61. Re8 Nc7 62. Rf8+ Ke6 63. f4 gxf4 64. gxf4 Kd5 65. f5 h5 66. Rh8 h4 67.
Rxh4 Ne8 68. Re4 Nc7 69. f6 Rh7 70. h4 Kc6 71. h5 Kd5 72. Re5+ Kc6 73. Ke4 1-0

[Event "66th ch-RUS HL w 2016"]
[Site "Kolomna RUS"]
[Date "2016.06.29"]
[Round "7.21"]
[White "Chkhan, Viktoria"]
[Black "Samdanova, Surena"]
[Result "1/2-1/2"]
[WhiteTitle "WFM"]
[WhiteElo "2164"]
[BlackElo "2060"]
[WhiteFideId "4123107"]
[BlackFideId "24136646"]
[EventDate "2016.06.22"]

1. d4 d5 2. Nf3 Nf6 3. c4 e6 4. Nc3 c6 5. e3 Nbd7 6. Bd3 dxc4 7. Bxc4 b5 8. Bd3
a6 9. e4 c5 10. d5 Qb6 11. dxe6 fxe6 12. O-O c4 13. Bc2 Bb7 14. Qe2 Nc5 15. Be3
Be7 16. b4 cxb3 17. axb3 Qc7 18. Rfc1 Ng4 19. Bd4 Rd8 20. h3 Rxd4 21. hxg4 Rd8
22. b4 Nd7 23. Bb3 Qb6 24. Rd1 Bxb4 25. Nd5 exd5 26. exd5+ Kf8 27. Qe6 Qxe6 28.
dxe6 Ke7 29. exd7 Rxd7 30. Rxd7+ Kxd7 31. Ne5+ Ke7 32. Rc1 Bd6 33. Nf7 Rf8 34.
Re1+ Kd7 35. Rd1 Rxf7 36. Bxf7 a5 37. f3 Kc7 38. Kf2 a4 39. Be8 Ba6 40. Rc1+ Kb7
41. Ke3 a3 42. Kd4 Be7 43. Rc2 Kb6 44. Kc3 Bb7 45. Bf7 b4+ 46. Kb3 Bc6 47. Re2
Bc5 48. g5 Ka5 49. Re1 Bd4 50. Rh1 Ba4+ 51. Ka2 Bc2 52. Rc1 Ba4 53. Bd5 Bc3 54.
Bb3 Be8 55. f4 Bc6 56. g4 Bf3 57. Be6 Kb5 58. Rg1 Bd2 59. Rf1 Bc6 60. Kb3 Be3
61. Bc4+ Kc5 62. Be6 Bg2 63. Rd1 Bxf4 64. Rd7 Be5 65. Rd8 Bc3 66. Bf7 Be4 67.
Ka2 Bc2 68. Bb3 Bg6 69. Rd1 Bd4 70. Re1 Bb2 71. Rd1 Be4 72. Rd8 Bf3 73. Be6 Bd4
74. Kb3 Bd1+ 75. Ka2 Be2 76. Rd5+ Kc4 77. Rd8+ Kc3 78. Rc8+ Kd2 79. Rd8 Ke3 80.
Rd7 Bc3 81. Rf7 Kd2 82. Rf2 Ke1 83. Rf8 Kd1 84. Rf2 Bd4 85. Rf4 Bc3 86. Rf2 Ke1
87. Rf8 Bd3 88. Rd8 Bc2 89. Rf8 Bd2 90. Rf7 Kd1 91. Rf1+ Ke2 92. Rf7 Bc3 93. Rf8
Bd3 94. Rd8 Bd2 95. Rd7 Bc3 96. Rd8 Bc2 97. Rf8 Kd2 98. Rf2+ Kd1 99. Rf1+ Be1
100. Bc4 Be4 101. Bb3+ Kd2 102. Rf4 Ke3 103. Rf8 Bf3 104. Be6 Bh4 105. Rf7 Bxg5
106. Rxg7 h6 107. Kb3 Kf4 108. Rf7+ Ke5 109. Rxf3 Kxe6 110. Rf2 Be7 111. Rh2 Bf8
112. Rf2 Bg7 113. Kxb4 Bb2 114. Kb3 Ke5 1/2-1/2

[Event "66th ch-RUS HL w 2016"]
[Site "Kolomna RUS"]
[Date "2016.06.29"]
[Round "7.22"]
[White "Shaydullina, Sandugach"]
[Black "Alekseeva, Irina"]
[Result "1-0"]
[WhiteTitle "WGM"]
[WhiteElo "2110"]
[BlackElo "2161"]
[WhiteFideId "4140389"]
[BlackFideId "24178683"]
[EventDate "2016.06.22"]

1. d4 f5 2. c4 Nf6 3. Nf3 e6 4. g3 d5 5. Bg2 c6 6. O-O Bd6 7. Nc3 Qe7 8. Qc2 O-O
9. Rb1 Nbd7 10. Bf4 Bxf4 11. gxf4 dxc4 12. Nd2 Nd5 13. e3 b5 14. a4 a6 15. b3
cxb3 16. Nxb3 Rf6 17. Na5 Rg6 18. Nxc6 Qd6 19. Nxd5 exd5 20. Kh1 Nf6 21. Qc5
Qxc5 22. dxc5 Kf8 23. Ne5 Rh6 24. axb5 axb5 25. Rxb5 Ne4 26. c6 Ke7 27. Rxd5 Ra2
28. Kg1 Rc2 29. Ra5 Rhxc6 30. Nxc6+ Rxc6 31. f3 Nf6 32. Rd1 Rc3 33. Ra7+ Bd7 34.
e4 fxe4 35. fxe4 Ke8 36. e5 Bg4 37. exf6 1-0

[Event "66th ch-RUS HL w 2016"]
[Site "Kolomna RUS"]
[Date "2016.06.29"]
[Round "7.23"]
[White "Ustich, Ekaterina"]
[Black "Khazieva, Elza"]
[Result "0-1"]
[BlackTitle "WFM"]
[WhiteElo "2007"]
[BlackElo "2128"]
[WhiteFideId "24179221"]
[BlackFideId "4100166"]
[EventDate "2016.06.22"]

1. e4 c5 2. Nf3 d6 3. d4 cxd4 4. Nxd4 Nf6 5. f3 e5 6. Nb3 Be6 7. c4 Nbd7 8. Be3
Rc8 9. N3d2 a6 10. Nc3 Be7 11. Be2 Nh5 12. g3 O-O 13. Bf2 g6 14. Rc1 f5 15. b3
Ng7 16. Ndb1 Nf6 17. Rc2 fxe4 18. fxe4 Bh3 19. Bf3 Qa5 20. a3 Rf7 21. g4 h5 22.
gxh5 Nfxh5 23. b4 Qd8 24. Nd5 Bh4 25. Rg1 Kh7 26. Qd3 Nf4 27. Nxf4 Rxf4 28. Nc3
Be6 29. Nd5 Rf7 30. Bxh4 Qxh4+ 31. Kd1 Rcf8 32. Be2 Rf2 33. Qg3 Qxg3 34. hxg3
Rh2 35. Ne3 Rff2 36. Rd2 Ne8 37. Re1 Bd7 38. Rf1 Nf6 39. Rxd6 Ba4+ 40. Kc1 Rxe2
41. Rdxf6 Rxe3 42. Rf7+ Kh6 43. g4 Kg5 44. Rxb7 Rxa3 45. Kb1 Bc6 0-1

[Event "66th ch-RUS HL w 2016"]
[Site "Kolomna RUS"]
[Date "2016.06.29"]
[Round "7.24"]
[White "Bocharova, Ulyana"]
[Black "Selifonova, Aleksandra"]
[Result "1/2-1/2"]
[WhiteElo "1894"]
[BlackElo "1980"]
[WhiteFideId "24174513"]
[BlackFideId "24115983"]
[EventDate "2016.06.22"]

1. d4 d5 2. Nf3 Nf6 3. c4 e6 4. Nc3 Be7 5. Bg5 O-O 6. e3 Nbd7 7. cxd5 Nxd5 8.
Bxe7 Nxe7 9. Bd3 c5 10. Ng5 g6 11. Bc2 cxd4 12. Qxd4 Nf5 13. Bxf5 Qxg5 14. Be4
Nc5 15. h4 Qe7 16. Rd1 e5 17. Nd5 exd4 18. Nxe7+ Kg7 19. Bb1 dxe3 20. fxe3 Be6
21. O-O Rfd8 22. e4 Na4 23. Nd5 Nxb2 24. Rd4 b5 25. Rb4 Bxd5 26. exd5 Nc4 27.
Rxb5 Ne3 28. Rf3 Nxd5 29. Be4 Nc7 30. Rb7 Rac8 31. Rxa7 Rd4 32. Bb7 Rf8 33. Bc6
Ne6 34. Ra4 Rd1+ 35. Rf1 Rd2 36. Rf2 Rd1+ 37. Rf1 Rd2 38. Rf2 Rd1+ 39. Kh2 1/2-1/2

[Event "66th ch-RUS HL w 2016"]
[Site "Kolomna RUS"]
[Date "2016.06.29"]
[Round "7.25"]
[White "Lysenko, Margarita"]
[Black "Zelenskaya, Anastasiya"]
[Result "1-0"]
[WhiteTitle "WFM"]
[WhiteElo "2097"]
[BlackElo "1662"]
[WhiteFideId "34100200"]
[BlackFideId "54112540"]
[EventDate "2016.06.22"]

1. d4 d5 2. c4 e6 3. Nc3 Be7 4. Nf3 Nf6 5. Bg5 Nbd7 6. e3 O-O 7. Bd3 Re8 8. O-O
Nf8 9. Qc2 Ng6 10. Rfd1 c6 11. Rac1 a6 12. a3 b5 13. c5 Qc7 14. Bxg6 hxg6 15.
Bf4 Qb7 16. h3 a5 17. b4 Bd7 18. Qb2 a4 19. Ne5 Rad8 20. Qc2 Bc8 21. f3 Nd7 22.
Ne2 Nxe5 23. dxe5 g5 24. Bg3 f6 25. Nd4 f5 26. Kf2 Qc7 27. Ne2 Rf8 28. Rd4 Bd7
29. Qd2 Be8 30. Bh2 Bh5 31. g4 Bg6 32. Kg2 Rde8 33. Bg3 Kf7 34. Rh1 Qa7 35. gxf5
Bxf5 36. e4 dxe4 37. fxe4 Bg6 38. Rf1+ Kg8 39. Rxf8+ Rxf8 40. Nc3 Bxc5 41. Rd7
Be3 42. Qd6 Qb6 43. Qxe6+ Kh7 44. Qd6 Re8 45. e6 Bf4 46. Bxf4 gxf4 47. Qe5 Qe3
48. Qxg7# 1-0

[Event "66th ch-RUS HL w 2016"]
[Site "Kolomna RUS"]
[Date "2016.06.30"]
[Round "8.1"]
[White "Kovalevskaya, Ekaterina"]
[Black "Ovod, Evgenija"]
[Result "1/2-1/2"]
[WhiteTitle "IM"]
[BlackTitle "IM"]
[WhiteElo "2466"]
[BlackElo "2338"]
[WhiteFideId "4116704"]
[BlackFideId "4131827"]
[EventDate "2016.06.22"]

1. c4 e6 2. Nf3 d5 3. e3 Nf6 4. Nc3 Be7 5. b3 O-O 6. Bb2 c5 7. cxd5 Nxd5 8. Nxd5
Qxd5 9. Bc4 Qd8 10. O-O Nc6 11. d4 cxd4 12. Nxd4 Nxd4 13. Bxd4 Bf6 14. Bxf6 Qxf6
15. Rc1 Rd8 16. Qe2 Bd7 17. Bb5 a6 18. Bxd7 Rxd7 19. Rfd1 Rxd1+ 20. Qxd1 Rd8 21.
Qc2 g6 22. h3 Qe5 23. Rd1 Rxd1+ 24. Qxd1 h5 25. Qc2 Qa1+ 26. Kh2 Qe5+ 27. Kg1
Qa1+ 28. Kh2 Qe5+ 29. Kg1 Qa1+ 30. Kh2 1/2-1/2

[Event "66th ch-RUS HL w 2016"]
[Site "Kolomna RUS"]
[Date "2016.06.30"]
[Round "8.2"]
[White "Pustovoitova, Daria"]
[Black "Savina, Anastasia"]
[Result "1-0"]
[WhiteTitle "FM"]
[BlackTitle "IM"]
[WhiteElo "2297"]
[BlackElo "2384"]
[WhiteFideId "4182146"]
[BlackFideId "4196872"]
[EventDate "2016.06.22"]

1. d4 d5 2. c4 Nc6 3. Nf3 Bg4 4. Nc3 e6 5. cxd5 exd5 6. Bf4 Bxf3 7. gxf3 Bd6 8.
Bc1 Qh4 9. e3 Nf6 10. Qb3 O-O 11. a3 Rfe8 12. Be2 Bf4 13. Qxb7 Nxd4 14. exd4
Rab8 15. Qxa7 Nh5 16. Bxf4 Qxf4 17. Nxd5 Qg5 18. Ne3 Nf4 19. Qc5 Qh4 20. O-O-O
Qxf2 21. Nc2 Rxe2 22. Qxc7 Rbe8 23. d5 Qxf3 24. d6 Nd5 25. Qc6 Qf4+ 26. Kb1 Nf6
27. d7 Rd8 28. Qc8 Ree8 29. dxe8=Q+ Rxe8 30. Rd8 1-0

[Event "66th ch-RUS HL w 2016"]
[Site "Kolomna RUS"]
[Date "2016.06.30"]
[Round "8.3"]
[White "Kashlinskaya, Alina"]
[Black "Charochkina, Daria"]
[Result "1/2-1/2"]
[WhiteTitle "IM"]
[BlackTitle "IM"]
[WhiteElo "2467"]
[BlackElo "2359"]
[WhiteFideId "4198026"]
[BlackFideId "4180917"]
[EventDate "2016.06.22"]

1. d4 d5 2. c4 c6 3. Nf3 Nf6 4. e3 Bg4 5. h3 Bh5 6. Nc3 e6 7. g4 Bg6 8. Ne5 Nbd7
9. Nxg6 hxg6 10. Bd2 g5 11. Bg2 Bd6 12. Qb3 Qb8 13. O-O-O a5 14. cxd5 Nxd5 15.
Nxd5 cxd5 16. e4 dxe4 17. Bxe4 Bf4 18. Kb1 Bxd2 19. Rxd2 Qf4 20. Re2 O-O 21. h4
Nf6 22. Bc2 gxh4 23. Rxh4 g5 24. Rh1 Kg7 25. Re5 Rh8 26. Rd1 Nd5 27. Be4 Nf6 28.
Bxb7 Rab8 29. Qf3 Rh2 30. Rf1 Qd2 31. Rd1 Qf4 32. Rf1 Qd2 33. Rd1 Qf4 1/2-1/2

[Event "66th ch-RUS HL w 2016"]
[Site "Kolomna RUS"]
[Date "2016.06.30"]
[Round "8.4"]
[White "Ubiennykh, Ekaterina"]
[Black "Vasilevich, Tatjana"]
[Result "1-0"]
[WhiteTitle "WIM"]
[BlackTitle "IM"]
[WhiteElo "2324"]
[BlackElo "2367"]
[WhiteFideId "4137582"]
[BlackFideId "14101610"]
[EventDate "2016.06.22"]

1. d4 Nf6 2. c4 e6 3. Nc3 Bb4 4. e3 O-O 5. Ne2 d5 6. a3 Be7 7. cxd5 exd5 8. Nf4
c6 9. Bd3 Re8 10. h3 Bd6 11. Qf3 Qc7 12. O-O Nbd7 13. Bd2 Nf8 14. b4 Qe7 15.
Rfc1 a5 16. bxa5 Bxa3 17. Rc2 Bb4 18. Rca2 Bxc3 19. Bxc3 Ne4 20. Be1 g5 21. Nh5
f5 22. a6 b5 23. Rc2 Bd7 24. Bxe4 dxe4 25. Qg3 h6 26. d5 c5 27. Bc3 Nh7 28. Ng7
Rf8 29. d6 Qf7 30. Qe5 Nf6 31. Nxf5 Bxf5 32. Qxf5 Nd5 33. Qxf7+ Kxf7 34. Be5 c4
35. a7 Ke6 36. Bd4 Rfc8 37. Ra5 Nb4 38. d7 Kxd7 39. Rd2 Nc6 40. Bc3+ Ke6 41.
Rxb5 Rxa7 42. Rbd5 Rb7 43. Rd6+ Ke7 44. Rxh6 Rb1+ 45. Kh2 Rb3 46. Bf6+ Kf7 47.
Rd6 Rd3 48. Rh7+ Kg8 49. Rdd7 Rxd7 50. Rxd7 Nb4 51. Rg7+ Kf8 52. Ra7 Nd5 53. Bb2
c3 54. Ba3+ Ke8 55. Ra5 Nb6 56. Re5+ Kd7 57. Rxe4 Ra8 58. Rd4+ Kc6 59. Bc1 Ra1
60. Rd1 Nc4 61. e4 Nb2 62. Rg1 g4 63. hxg4 Nd3 64. Be3 Rxg1 65. Kxg1 c2 66. g5
Kd7 67. f4 c1=Q+ 68. Bxc1 Nxc1 69. Kf2 Nd3+ 70. Ke3 Ne1 71. g3 Ke6 72. f5+ Ke5
73. g6 Kf6 74. e5+ Kg7 75. e6 Kf6 76. g4 Nc2+ 77. Ke4 Na3 78. g5+ Kg7 79. e7 Nb5
80. f6+ 1-0

[Event "66th ch-RUS HL w 2016"]
[Site "Kolomna RUS"]
[Date "2016.06.30"]
[Round "8.5"]
[White "Kovanova, Baira"]
[Black "Styazhkina, Anna"]
[Result "1/2-1/2"]
[WhiteTitle "WGM"]
[BlackTitle "WIM"]
[WhiteElo "2382"]
[BlackElo "2297"]
[WhiteFideId "4164083"]
[BlackFideId "24119300"]
[EventDate "2016.06.22"]

1. Nf3 d5 2. c4 c6 3. e3 Nf6 4. Nc3 Bg4 5. cxd5 Bxf3 6. Qxf3 cxd5 7. d4 e6 8.
Bd3 Nc6 9. O-O Bd6 10. Qh3 O-O 11. f4 h5 12. Bd2 a6 13. Rac1 Rc8 14. Be1 Be7 15.
Bh4 g6 16. f5 exf5 17. Bxf5 Rc7 18. Bg3 Bd6 19. Bxg6 fxg6 20. Qe6+ Rcf7 21. Qxd6
Qxd6 22. Bxd6 Re8 23. Bf4 Ne7 24. Bg5 Nf5 25. Bxf6 Rxf6 26. Rce1 Rd8 27. b3 Re6
28. e4 dxe4 29. d5 Re5 30. Rxe4 Rxe4 31. Nxe4 Ne3 32. Rf6 Rxd5 33. Rxg6+ Kf7 34.
Rd6 Re5 35. Rd4 Ke6 36. Ng3 Nf5 37. Nxf5 Kxf5 38. Kf2 Rc5 39. Rd2 Rc3 40. Rd5+
Kg6 41. Ra5 h4 42. Ra4 Rc2+ 43. Kf3 Kg5 44. Ra5+ Kg6 45. b4 Rc3+ 46. Kf2 Rc2+
47. Kf3 1/2-1/2

[Event "66th ch-RUS HL w 2016"]
[Site "Kolomna RUS"]
[Date "2016.06.30"]
[Round "8.6"]
[White "Schepetkova, Margarita"]
[Black "Maltsevskaya, Aleksandra"]
[Result "1/2-1/2"]
[WhiteTitle "WIM"]
[WhiteElo "2355"]
[BlackElo "2285"]
[WhiteFideId "4189949"]
[BlackFideId "24174041"]
[EventDate "2016.06.22"]

1. d4 Nf6 2. c4 g6 3. Nc3 Bg7 4. e4 d6 5. Be2 O-O 6. Bg5 h6 7. Be3 c5 8. dxc5
Qa5 9. Bd2 Qxc5 10. Nf3 Bg4 11. O-O Nc6 12. Be3 Qa5 13. Nd2 Bxe2 14. Qxe2 Rfc8
15. Rac1 Nd7 16. Rfd1 Qd8 17. f3 a6 18. a3 Nd4 19. Qf2 Ne6 20. b4 a5 21. Nd5
axb4 22. axb4 Ra2 23. f4 Nc7 24. Bd4 Nxd5 25. cxd5 Nf6 26. Qe3 b5 27. Rc6 Rxc6
28. dxc6 Rc2 29. Qd3 Rxc6 30. Qxb5 Qc7 31. Qd3 Rc1 32. Rf1 Qc2 33. Qxc2 Rxc2 34.
Bxf6 Bxf6 35. Nf3 Rb2 36. e5 dxe5 37. fxe5 Bg7 38. Rd1 Rxb4 39. Rd8+ Bf8 40. e6
Re4 41. exf7+ Kxf7 42. Rd4 Re6 43. Rf4+ Kg8 44. Kf2 Bg7 45. g4 Ra6 46. Re4 e5
47. h4 Ra5 48. h5 gxh5 49. gxh5 Kf7 50. Kg3 Ke6 51. Rg4 Bf6 52. Rg6 e4 53. Nd2
Kf5 54. Nc4 Be5+ 55. Nxe5 Rxe5 56. Kf2 Re6 57. Ke3 Rxg6 58. hxg6 Kxg6 59. Kxe4
Kg5 60. Kf3 h5 1/2-1/2

[Event "66th ch-RUS HL w 2016"]
[Site "Kolomna RUS"]
[Date "2016.06.30"]
[Round "8.7"]
[White "Shuvalova, Polina"]
[Black "Dordzhieva, Dinara"]
[Result "1-0"]
[WhiteTitle "WFM"]
[BlackTitle "WIM"]
[WhiteElo "2409"]
[BlackElo "2296"]
[WhiteFideId "24171760"]
[BlackFideId "24157570"]
[EventDate "2016.06.22"]

1. e4 c5 2. Nf3 e6 3. d4 cxd4 4. Nxd4 Nf6 5. Bd3 d6 6. O-O Be7 7. c4 O-O 8. Nc3
Nbd7 9. Re1 a6 10. Bf1 Qc7 11. Be3 b6 12. Rc1 Bb7 13. f3 Rac8 14. Qd2 Qb8 15.
Qf2 Rfe8 16. Red1 Bd8 17. Nc2 Bc7 18. g3 Qa8 19. Rd2 Ne5 20. Rcd1 Bb8 21. Na4
Nfd7 22. b3 f5 23. Nxb6 Nxb6 24. Bxb6 fxe4 25. Ne1 exf3 26. Bh3 Be4 27. Rxd6
Bxd6 28. Rxd6 Rc6 29. Qd4 Rxd6 30. Qxd6 Qc6 31. Qxc6 Nxc6 32. Kf2 g5 33. Ke3 Bf5
34. g4 Bb1 35. Nxf3 Bxa2 36. Nd2 Ne5 37. Kd4 Nd7 38. Ba5 e5+ 39. Kc3 e4 40. Kb2
e3 41. Nf3 Ne5 42. Nxe5 Rxe5 43. Be1 Bxb3 44. Kxb3 e2 45. Bg2 Kf8 46. Kc3 a5 47.
Bc6 Ke7 48. Kd3 Re6 49. Bf3 a4 50. Bb4+ Kd7 51. Bxe2 Rh6 52. c5 Rxh2 53. Bf3 Rh3
54. c6+ Kc7 55. Ke2 Rh2+ 56. Ke3 Rh3 57. Kf2 Rh2+ 58. Bg2 Rh6 59. Ba5+ Kd6 60.
Bd8 Rh2 61. c7 Kd7 62. Kg3 Rxg2+ 63. Kxg2 h6 64. Kf3 a3 65. Ke4 a2 66. Bf6 Kxc7
67. Kf5 Kd7 68. Kg6 1-0